000 01050nam a2200433Ia 4500
001 130729
003 222240
005 20240712164039.0
008 ||||||n9999 ||| || ||
082 _a128.1
100 _aBergson, Henri Louis
_91701
245 0 _aMateria y memoria
_bensayo sobre la relación del cuerpo con el espíritu
_cHenri Bergson ; prólogo María Pía López ; traducción Pablo Ires
250 _a1 ed.en español, 2 reimpr.
504 _aIncluye notas a pie de página
562 _e1
650 _aESPIRITU
_9156170
650 _aMEMORIAS
_913086
650 0 _aMENTE Y CUERPO
_9137802
942 _cBKM
999 _c130729
_d130729
526 _a17598
526 _a102617
526 _a102618
526 _a15794
526 _a102620
526 _a10406
526 _a105630
526 _a1698
526 _a116204
526 _a4969
526 _a19790
526 _a104436
526 _a5144
526 _a51868
526 _a3899
526 _a9683
526 _a
526 _a1703
526 _a1697